000 01398nam0a22003251 4500
001 rc\2372765
005 20110829160517.1
035 _a(NLR Aleph) 006508760
090 _a6307884
_c6307884
100 _a20110829d1977 |||y0rusy50 ca
101 1 _arus
_cger
102 _aRU
105 _aa z |||a|
200 1 _aОхота на сурков
_eРоман
_fУльрих Бехер
_gПер. с нем. И. Каринцевой и Л. Черной
_g[Послесл. И. Фрадкина
_gХудож. В.Т. Алексеев]
210 _aМосква
_cПрогресс
_d1977
215 _a667 с.
_cил.
_d20
311 _aПеревод изд.: Murmeljagd / Ulrich Becher (Hamburg, 1969)
454 0 _12001#$aMurmeljagd$fUlrich Becher
_1210##$aHamburg$d1969
_1700#1$aBecher$bU.$f1910-$gUlrich
606 _aЭмигранты немецкие в Швейцарии (х. л.)
_2rkp
606 _aАнтифашистское движение в Германии (х. л.)
_2rkp
700 1 _aБехер
_bУ.
_f1910-
_gУльрих
702 1 _aЧёрная
_bЛ. Б.
_f1917-2022
_gЛюдмила Борисовна
_3RU\NLR\AUTH\770190950
_4730
702 1 _aФрадкин
_bИ.
_4080
702 1 _aАлексеев
_bВ. Т.
_4040
702 1 _aКаринцева
_bИ.
_4730
801 0 _aRU
_bNLR
_gpsbo
801 1 _aRU
_bELAR
_2rusmarc
852 _aNLR
_j77-5/1903
942 _cBOOK
980 _aNB